000 00292nam a2200133Ia 4500
008 230917s9999||||xx |||||||||||||| ||und||
040 _e134124
_aMAIN
041 _aEnglish
082 _a954.01 J930A
100 _aJames
245 0 _aAll possible world
300 _a618p p.
942 _cBK
999 _c232592
_d232592